Pediatric Nutrition for Dietitians (Record no. 52259)

MARC details
000 -LEADER
fixed length control field 00540nam a22001937a 4500
003 - CONTROL NUMBER IDENTIFIER
control field OSt
008 - FIXED-LENGTH DATA ELEMENTS--GENERAL INFORMATION
fixed length control field 260624b |||||||| |||| 00| 0 eng d
020 ## - INTERNATIONAL STANDARD BOOK NUMBER
International Standard Book Number 9780367705046
082 ## - DEWEY DECIMAL CLASSIFICATION NUMBER
Classification number 613.2083
Item number G57P
100 ## - MAIN ENTRY--PERSONAL NAME
Personal name Goday, Praveen S.
245 ## - TITLE STATEMENT
Title Pediatric Nutrition for Dietitians
Statement of responsibility, etc. Goday, Praveen S.
250 ## - EDITION STATEMENT
Edition statement 1st edition
260 ## - PUBLICATION, DISTRIBUTION, ETC. (IMPRINT)
Place of publication, distribution, etc Boca Raton
Name of publisher, distributor, etc CRC Press (Taylor & Francis Group)
Date of publication, distribution, etc 2022
300 ## - PHYSICAL DESCRIPTION
Extent xx. 464 p.
650 ## - SUBJECT ADDED ENTRY--TOPICAL TERM
Topical term or geographic name as entry element Pediatric
650 ## - SUBJECT ADDED ENTRY--TOPICAL TERM
Topical term or geographic name as entry element Nutrition for Dietitians
700 ## - ADDED ENTRY--PERSONAL NAME
Personal name Walia, Cassandra
942 ## - ADDED ENTRY ELEMENTS (KOHA)
Source of classification or shelving scheme
Koha item type Books
Holdings
Withdrawn status Lost status Source of classification or shelving scheme Damaged status Not for loan Home library Current library Shelving location Date acquired Source of acquisition Currency Cost, normal purchase price Total Checkouts Full call number Barcode Date last seen Bill Date Koha item type Bill Number
          Dr. Rajendra Prasad Central Agricultural University Pusa, Dr. Rajendra Prasad Central Agricultural University Pusa, General Stacks 24/06/2026 TTPP, New Delhi INR 10813.00   613.2083 G57P 87791 24/06/2026 29/01/2026 Books Invoice- IN-00449
          Dr. Rajendra Prasad Central Agricultural University Pusa, Dr. Rajendra Prasad Central Agricultural University Pusa, General Stacks 24/06/2026 TTPP, New Delhi INR 10813.00   613.2083 G57P 87790 24/06/2026 29/01/2026 Books Invoice- IN-00449
Hosted, Implemented, Customized & Maintained by: BestBookBuddies

Powered by Koha